000 00338nam a2200133Ia 4500
003 GCL
008 140319s9999 xx 000 0 ara d
040 _aGCL /
_cGCL
082 0 4 _a953.2
_bع ى
245 1 0 _aاليمن الجمهورى
260 _a[S.N] :
_bمكتبة الكاتب العربى ،
_c1983
300 _a621 ص
490 _a
999 _c35541
_d35541